BIBLIOTECA

SENCICO

Diseño : (Registro nro. 248)

Detalles MARC
000 -LEADER
fixed length control field 01877nam a2200253Ia 4500
003 - CONTROL NUMBER IDENTIFIER
control field PE SENCICO BE
005 - DATE AND TIME OF LATEST TRANSACTION
control field 20251020182431.0
008 - FIXED-LENGTH DATA ELEMENTS--GENERAL INFORMATION
fixed length control field 200515s9999 xx 000 0 und d
020 ## - INTERNATIONAL STANDARD BOOK NUMBER
International Standard Book Number 84-252-1619-2
040 ## - CATALOGING SOURCE
Original cataloging agency PE SENCICO BE
Transcribing agency PE SENCICO BE
041 ## - LANGUAGE CODE
Language code of text/sound track or separate title spa
082 ## - DEWEY DECIMAL CLASSIFICATION NUMBER
Classification number 745.2
Item number B94
100 1# - MAIN ENTRY--PERSONAL NAME
Personal name Bürdek, Bernhard E.
9 (RLIN) 2579
Relator term autor
245 10 - TITLE STATEMENT
Title Diseño :
Remainder of title historia, teoría y práctica del diseño industrial /
Statement of responsibility, etc. Bürdek, Bernhard E.
250 ## - EDITION STATEMENT
Edition statement 1a ed.
260 ## - PUBLICATION, DISTRIBUTION, ETC.
Place of publication, distribution, etc. Barcelona :
Name of publisher, distributor, etc. Gustavo Gili ;
Date of publication, distribution, etc. 1994
300 ## - PHYSICAL DESCRIPTION
Extent 390 p. :
Other physical details il., graf. ;
Dimensions 24 cm.
505 0# - FORMATTED CONTENTS NOTE
Formatted contents note El concepto de diseño: definiciones y descripciones -- Una mirada Retrospectiva -- La Bauhaus -- La escuela superior de diseño de Ulm -- El diseño de Alemania, 1950-1990 -- El panorama del diseño en otros paises -- Problemas de metodología -- Métodos cognoscitivos de la filosofía en el diseño -- La metodología clásica del diseño -- Aspectos del desarrollo de la teoria del diseño -- Concepto de una teoría disciplinar del diseño -- La definición de las funciones del producto -- Las funciones estético-formales -- Las funciones indicativas -- Las funciones simbólicas -- Del lenguaje comunicativo a la semántica del producto -- Observaciones al tema "Arquitectura y diseño" -- Utopías, visiones y conceptos -- Identidad corporativa, diseño corporativo -- Repercusiones de la microelectrónica en el diseño -- Del CAD/CAM a la "Bauhaus electrónica" -- Una perspectiva de futuro
520 3# - SUMMARY, ETC.
Summary, etc. Perfila los estadios importantes del desarrollo del diseño industrial desde el siglo XIX y aborda la Bauhaus en detalle. Partiendo de este contexto, arroja luz sobre las tendencias actuales del diseño en Alemania, Francia, Italia, Japón, Austria, Suiza.
650 10 - SUBJECT ADDED ENTRY--TOPICAL TERM
Topical term or geographic name entry element Diseño
9 (RLIN) 965
650 20 - SUBJECT ADDED ENTRY--TOPICAL TERM
Topical term or geographic name entry element Diseño industrial
9 (RLIN) 2580
650 20 - SUBJECT ADDED ENTRY--TOPICAL TERM
Topical term or geographic name entry element Historia
9 (RLIN) 707
942 ## - ADDED ENTRY ELEMENTS (KOHA)
Koha item type Libros
Source of classification or shelving scheme Dewey Decimal Classification
Existencias
Fecha de la última vez que lo usaron Número de ingreso o de inventario Pago total Signatura topográfica completa Código de barras Precio efectivo desde Tipo de documento Estado perdido Sistema de clasificación Estado dañado No es para préstamo Retirado Ubicación permanente Ubicación actual Fecha de adquisición
15/05/2020 4849   745.2/B94 BibLima24080050 15/05/2020 Libros   Dewey Decimal Classification       Biblioteca Central Lima Biblioteca Central Lima 15/05/2020